Responses for Show #3299 - Thursday, December 31, 1998

Contestants

[<< previous game]

Brian Gillespie, an actor originally from Bayonne, New Jersey

Felicia Vondrak, a part-time licensing assistant from Seattle, Washington

Pete Fistanic, a bond salesman from Los Angeles, California (whose 1-day cash winnings total $5,801)

[next game >>]

Jeopardy! Round responses

PITCHMEN
THE ROARING '20s
MOVIE NOSTALGIA
QUOTATIONS
HOLD EVERYTHING!
PARTY ON!
    $100 11
the Charmin (bathroom tissue)

Pete
    $100 16
Charles Lindbergh

Brian
    $100 1
(Brian: Who was Jayne Mansfield?)

Jean Harlow

PeteBrian
    $100 6
Abraham Lincoln

Felicia
    $100 21
a holster

Brian
    $100 26
pin the tail on the donkey

Pete
    $200 12
the Maytag Repairman

Brian
    $200 17
(Pete: What is a flipper?)
(Alex: Flipper was a sea creature!)

a flapper

PeteBrian
    $200 2
Esther Williams

Pete
    $200 7
Bill Gates

Felicia
    $200 22
a canteen

Felicia
    $200 27
[The end-of-round signal sounds.]

favors

Brian
    $300 13
(Alex: Before he married Barbra Streisand.)

James Brolin

Brian
    $300 18
the Model A

Brian
    $300 3
Ozzie Nelson

Pete
    $300 8
Gerald Ford

Pete
    $300 23
(Alex: We have a minute left.)

a pot of gold

Felicia
    $400 14
AT&T

Brian
    $400 19
(Pete: Who was Holmes?)

William Howard Taft

Pete
Triple Stumper
    $400 4
Winston Churchill

Pete
    $400 9
(Brian: What is Viking?)
(Felicia: What is the Mars Pathfinder?)

Sojourner

FeliciaBrian
Triple Stumper
    $400 24
catacombs

Brian
    $500 15
Mikhail Gorbachev

Brian
    $500 20
(Felicia: Who was Capone?)
(Brian: Who was Luciano?)

Bugs Moran

FeliciaBrian
Triple Stumper
    $500 5
Picnic

Felicia
    $500 10
Theodore Roosevelt

Pete
    $400 25
(Brian: What is a cup?)
(Alex: Yeah, we'll accept that.)

"My cup runneth over"

Brian

Scores at the first commercial break (after clue 12):

Pete Felicia Brian
$1,900 $400 -$300

Scores at the end of the Jeopardy! Round:

Pete Felicia Brian
$1,400 $400 $2,100

Double Jeopardy! Round responses

PITCHERS
THE CIVIL WAR
KIDDIE LIT
IN THE DICTIONARY
COURAGEOUS CAPTAINS
POUR ME SOME CHAMPAGNE!
    $200 16
pitching a perfect game

Brian
    $200 17
submarines

Pete
    $200 1
The Jungle Book

Brian
    $200 6
(Pete: What is a fish?)

a bird

PeteFelicia
    $200 11
Humphrey Bogart (The African Queen)

Brian
    $200 23
rosé (or pink)

Pete
    $400 18
Nolan Ryan

Triple Stumper
    $400 22
First Bull Run

Triple Stumper
    $400 2
Mary Poppins

Felicia
    $400 7
shilly-shally

Triple Stumper
    $400 12
Caine

Pete
    $400 25
bitters

Pete
    $600 19
[A player in a Houston Astros uniform was shown.]

Randy Johnson

Felicia
    $600 24
Benjamin Harrison

Felicia
    $600 3
purple

Felicia
    $600 8
the lurch

Felicia
    $600 13
(Pete: Who is John Paul Jones?)

Nathan Hale

Pete
Triple Stumper
    $600 26
[The end-of-round signal sounds.]

Cole Porter

Brian
    $600 20
Leroy "Satchel" Paige

Felicia
    $800 4
Harriet the Spy

Felicia
    $800 9
ilk

Brian
    $800 14
(Pete: Who was Murphy?)

John Birch

Pete
    $1000 21
(Alex: About a minute to go, Felicia.)

Grover Cleveland Alexander

Triple Stumper
    $1000 5
Sarah, Plain and Tall

Triple Stumper
    $1000 10
(Felicia: What is...)

gallivant

Felicia
Triple Stumper
    $1000 15
the Flying Dutchman

Pete

Scores at the end of the Double Jeopardy! Round:

Pete Felicia Brian
$2,000 $3,800 $4,100

[wagering suggestions for these scores]

Final Jeopardy! Round responses

U.S. ORGANIZATIONS
(Alex: We'll be back tomorrow to wrap up the week and the year!)
PeteWhat is TVA
$1,600
FeliciaWhat is the NRA
$3,700
BrianWhat are N.R.A.
$3,600
NRA (National Recovery Administration & National Rifle Association)

Final scores:

Pete Felicia Brian
$400 $7,500 $7,700
3rd place: 3-day trip to the Canadian Rockies 2nd place: 7-day Broadway trip to New York City New champion: $7,700

Game dynamics:

Coryat scores:

Pete Felicia Brian
$2,800 $4,000 $4,200
13 R,
5 W
(including 1 DD)
13 R
(including 1 DD),
3 W
16 R
(including 1 DD),
3 W

Combined Coryat: $11,000

[game clues] [game scores] [suggest correction]

Game tape date: 1998-11-04
The J! Archive is created by fans, for fans. Scraping, republication, monetization, and malicious use prohibited; this site may use cookies and collect identifying information. See terms. The Jeopardy! game show and all elements thereof, including but not limited to copyright and trademark thereto, are the property of Jeopardy Productions, Inc. and are protected under law. This website is not affiliated with, sponsored by, or operated by Jeopardy Productions, Inc. Join the discussion at JBoard.tv.